Physics of radiology / (رقم التسجيلة. 42539)

تفاصيل مارك
000 -الفاتح
حقل البيانات ثابتة الطول 01118cam a22003254a 4500
003 - محدد رقم الضبط
رقم الضبط OSt
005 - وقت وتاريخ اخر تعامل مع التسجيلة
رقم الضبط 20180817201424.0
008 - عناصر البيانات ثابتة الطول - معلومات عامة
حقل البيانات ثابتة الطول 040408s2005 wiua b 001 0 eng
020 ## - الرقم الدولى المعيارى للكتب
الرقم الدولى المعيارى للكتاب 1930524226 (Hard cover : alk. paper)
020 ## - الرقم الدولى المعيارى للكتب
الرقم الدولى المعيارى للكتاب 9781930524224
040 ## - مصدر الفهرسة
وكالة الفهرسة الأصلية DNLM/DLC
وكالة النسخ DLC
وكالة التعديل DLC
لغة الفهرسة eng
042 ## - رمز التحقق
رمز التحقق pcc
050 00 - رقم طلب مكتبة الكونجرس
رقم التصنيف RC78.7.D53
رقم المادة W65 2005
060 10 - رقم الطلب بالمكتبة الطبية الوطنية
رقم التصنيف WN 110
رقم المادة W848p 2005
082 00 - رقم تصنيف ديوى العشرى
رقم التصنيف 616.0754
رقم الطبعة 22
رقم المادة WAP
100 1# - المدخل الرئيسى - إسم شخصى
الإسم الشخصى Wolbarst, Anthony B.
9 (RLIN) 63962
245 10 - بيان العنوان
العنوان Physics of radiology /
بيان المسئوليه,etc Anthony Brinton Wolbarst ; with illustrations by Gordon Cook.
250 ## - بيان الطبعة
بيان الطبعة 2nd ed.
260 ## - PUBLICATION, DISTRIBUTION, ETC. (IMPRINT)
مكان الناشر او الموزع Madison, Wis. :
اسم الناشر او الموزع Medical Physics Pub.,
تاريخ النشر أو التوزيع 2005.
300 ## - الوصف المادى
التعداد xv, 647 p. :
تفاصيل ماديه اخرى للوعاء ill. ;
أبعاد الوعاء 28 cm.
504 ## - تبصرة ببليوجرافية
تبصرة ببليوجرافية,الخ Includes bibliographical references and index.
650 #0 - المدخل الاضافى بالموضوع-مصطلح موضوعى
مصطلح موضوعي أو اسم جغرافي كعنصر مدخل Diagnostic imaging.
9 (RLIN) 64346
650 #0 - المدخل الاضافى بالموضوع-مصطلح موضوعى
مصطلح موضوعي أو اسم جغرافي كعنصر مدخل Medical physics.
9 (RLIN) 64347
650 12 - المدخل الاضافى بالموضوع-مصطلح موضوعى
مصطلح موضوعي أو اسم جغرافي كعنصر مدخل Diagnostic Imaging.
9 (RLIN) 64348
650 22 - المدخل الاضافى بالموضوع-مصطلح موضوعى
مصطلح موضوعي أو اسم جغرافي كعنصر مدخل Health Physics.
9 (RLIN) 56336
942 ## - عناصر المدخل الإضافي( كوها)
Koha [default] item type كتاب
906 ## - عنصر بيانات محلى F, LDF (RLIN)
a 7
b cbc
c orignew
d 1
e ocip
f 20
g y-gencatlg
المقتنيات
حالة الفقد نموذج السعر الفعال حالة تلف ليس للاعارة رقم الطلب تاريخ الاكتساب الموقع الحالي الباركود الفرع الرئيسي Date last seen نوع المادة فى نظام كوها مصدر التصنيف او خطة الترفيف Total Checkouts
  2018-08-15     616.0754 WAP 2018-08-15 المكتبة المركزية بالمجمعة (CL) 00656700 المكتبة المركزية بالمجمعة (CL) 2018-08-15 كتاب Dewey Decimal Classification  
  2018-08-15     616.0754 WAP 2018-08-15 المكتبة المركزية بالمجمعة (CL) 00656701 المكتبة المركزية بالمجمعة (CL) 2018-08-15 كتاب Dewey Decimal Classification  
  2018-08-15     616.0754 WAP 2018-08-15 المكتبة المركزية بالمجمعة (CL) 00656702 المكتبة المركزية بالمجمعة (CL) 2018-08-15 كتاب Dewey Decimal Classification  
  2018-08-17     616.0754 WAP 2018-08-17 مكتبة كلية التربية بالزلفى - طالبات (EZF) 00657050 مكتبة كلية التربية بالزلفى - طالبات (EZF) 2018-08-17 كتاب Dewey Decimal Classification  
  2018-08-17     616.0754 WAP 2018-08-17 مكتبة كلية التربية بالزلفى - طالبات (EZF) 00657051 مكتبة كلية التربية بالزلفى - طالبات (EZF) 2018-08-17 كتاب Dewey Decimal Classification  
  2018-10-02     616.0754 WAP 2018-10-02 مكتبة كلية التمريض - طالبات (CNF) 00751560 مكتبة كلية التمريض - طالبات (CNF) 2018-10-02 كتاب Dewey Decimal Classification  
  2018-10-02     616.0754 WAP 2018-10-02 مكتبة كلية التمريض - طالبات (CNF) 00751561 مكتبة كلية التمريض - طالبات (CNF) 2018-10-02 كتاب Dewey Decimal Classification  
  2018-10-02     616.0754 WAP 2018-10-02 مكتبة كلية التمريض - طلاب (CNM) 00751559 مكتبة كلية التمريض - طلاب (CNM) 2018-10-02 كتاب Dewey Decimal Classification  
  2018-10-02     616.0754 WAP 2018-10-02 مكتبة كلية التمريض - طلاب (CNM) 00751558 مكتبة كلية التمريض - طلاب (CNM) 2018-10-02 كتاب Dewey Decimal Classification  
  2018-10-02     616.0754 WAP 2018-10-02 مكتبة كلية العلوم الطبية التطبيقية بالمجمعة - طالبات (AMF) 00751556 مكتبة كلية العلوم الطبية التطبيقية بالمجمعة - طالبات (AMF) 2018-10-02 كتاب Dewey Decimal Classification  
  2018-10-02     616.0754 WAP 2018-10-02 مكتبة كلية العلوم الطبية التطبيقية بالمجمعة - طالبات (AMF) 00751557 مكتبة كلية العلوم الطبية التطبيقية بالمجمعة - طالبات (AMF) 2018-10-02 كتاب Dewey Decimal Classification